Komunikačné zručnosti manažéra ako jeden z predpokladov úspešného vykonávania funkcie manažéra diplomová práca

Na minha lista:
Detalhes bibliográficos
Autor principal: Pocklanová, Miroslava
Autor Corporativo: Fakulta podnikového manažmentu EU. Katedra manažmentu
Outros Autores: Suntingerová, Ľudmila
Formato: Livro
Idioma:eslovaco
Publicado em: Bratislava 2008
Tags: Adicionar Tag
Sem tags, seja o primeiro a adicionar uma tag!

MARC

LEADER 00000nam$a2200000$$$4500
001 0086512
005 20240201115421.2
041 0 |a slo 
044 |a SK 
245 1 0 |a Komunikačné zručnosti manažéra ako jeden z predpokladov úspešného vykonávania funkcie manažéra  |b diplomová práca  |c Miroslava Pocklanová ; škol. Ľudmila Suntingerová 
264 1 |a Bratislava  |c 2008 
300 |a 84 s. 
100 1 |a Pocklanová, Miroslava 
700 1 |a Suntingerová, Ľudmila 
710 2 |a Fakulta podnikového manažmentu EU. Katedra manažmentu